01010nam a2200241 450000500170000000800410001702000180005804000270007604100080010304400070011108200200011811000550013824501460019326000730033930000900041250400420050265000320054465000440057665000310062070000410065170000400069270000360073220180803170310.0160620s2012 ck abo||r|||| 00| 0 spa d a9789588426372 aCO-BoIAVH cCO-BoIAVH 0 aspa ack04a333.91815bP25c1 aColombiabParques Nacionales Naturales de Colombia10aComponente de diagnóstico del plan de manejo del sitio Ramsar "sistema de humedales del Otún / cParques Nacionales Naturales de Colombia aManizales, Colombia :bParques Nacionales Naturales Colombia,c2012. a146 páginas : bIlustraciones a color, mapas y fotografías a color ;c21 x 21 cm. aIncluye referencias bibliográficas.24aHumedalesxManejozColombia24aHumedales xCaracterizaciónzColombia24aRestauración ecológica1 aMartínez Ochoa, Juan Felipeeautor1 aCastellanos Sánchez, Oscareautor1 aTrujillo Ortiz, Leydi N.eautor